BIBLIOTECA PODER JUDICIAL
Portal Judicial TDF

Juicio de desalojo / (Registro nro. 1393)

000 -LEADER
fixed length control field 01118nam a22002417a 4500
003 - CONTROL NUMBER IDENTIFIER
control field OSt
005 - DATE AND TIME OF LATEST TRANSACTION
control field 20180928055303.0
008 - FIXED-LENGTH DATA ELEMENTS--GENERAL INFORMATION
fixed length control field 180220b xxu||||| |||| 00| 0 spa d
020 ## - INTERNATIONAL STANDARD BOOK NUMBER
International Standard Book Number 9509714003
040 ## - CATALOGING SOURCE
Transcribing agency PJ
100 ## - ASIENTO PRINCIPAL - NOMBRE DE PERSONA
9 (RLIN) 2035
Personal name Salgado, Alí Joaquín
245 10 - MENCIÓN DE TÍTULO
Título propiamente dicho Juicio de desalojo /
Mención de responsabilidad, etc Alí Joaquín Salgado; prólogo de Carlos Eduardo Fenochietto.
260 ## - PUBLICATION, DISTRIBUTION, ETC. (IMPRINT)
Place of publication, distribution, etc Buenos Aires :
Date of publication, distribution, etc La Rocca,
Name of publisher, distributor, etc 1987.
300 ## - DESCRIPCION FISICA
Extent 156 p.
Dimensions 23 cm.
504 ## - NOTA DE BIBLIOGRAFÍA, ETC.
Bibliography, etc Bibliografía: p. 155-156.
505 ## - FORMATTED CONTENTS NOTE
Formatted contents note Contenido:<br/>Nociones generales -- Sujetos -- La demanda de desalojo --Traslado de la demanda -- Actitudes del demandado frente a la demanda -- La declaración de puro derecho y la prueba -- La sentencia de desalojo -- Los recursos -- Normas vigentes de la ley 21.342 -- El proceso de desalojo en la provincia de Buenos Aires -- Apéndice práctico.
650 #0 - ASIENTO SECUNDARIO DE MATERIA - TERMINO TEMATICO
9 (RLIN) 1148
Topical term or geographic name as entry element DERECHO PROCESAL CIVIL
650 #0 - ASIENTO SECUNDARIO DE MATERIA - TERMINO TEMATICO
9 (RLIN) 1953
Topical term or geographic name as entry element PROCEDIMIENTO CIVIL
650 #0 - ASIENTO SECUNDARIO DE MATERIA - TERMINO TEMATICO
9 (RLIN) 2024
Topical term or geographic name as entry element PROCESOS ESPECIALES
650 #0 - ASIENTO SECUNDARIO DE MATERIA - TERMINO TEMATICO
9 (RLIN) 2025
Topical term or geographic name as entry element JUICIO DE DESALOJO
700 ## - ADDED ENTRY--PERSONAL NAME
9 (RLIN) 2096
Personal name Fenochietto, Carlos Eduardo
Relator term prologuista
942 ## - ADDED ENTRY ELEMENTS (KOHA)
Source of classification or shelving scheme
Koha item type Libros
Classification part 347.952
Item part SAL
Existencias
Withdrawn status Lost status Source of classification or shelving scheme Damaged status Not for loan Permanent Location Current Location Date acquired Full call number Barcode Date last seen Price effective from Koha item type
          Biblioteca Poder Judicial Sur Biblioteca Poder Judicial Sur 2018-09-07 347.952 SAL 0994 2018-09-07 2018-09-07 Libros

12 de Octubre 789 Ushuaia - Tel:  54(02901)441571
Horario de Atención: 8.00 a 17.00 hs. 
bibliotecaush@justierradelfuego.gov.ar
koha@justierradelfuego.gov.ar
Seguinos en nuestras redes @bibliojustdf 

Con tecnología Koha